Statistics for California Pro Sport Teams

Click here to take the quiz!

General Stats

  • This quiz has been taken 20,857 times
    (12,743 since last reset)
  • The average score is 12 of 15

Answer Stats

LeagueTeam% Correct
NBALos Angeles Lakers
96%
NHLLos Angeles Kings
88%
NBASacramento Kings
88%
NFLSan Francisco 49ers
87%
NFLLos Angeles Rams
86%
NBAGolden State Warriors
85%
NBALos Angeles Clippers
84%
MLBLos Angeles Dodgers
84%
NFLLos Angeles Chargers
81%
MLBLos Angeles Angels
76%
MLBSan Francisco Giants
76%
MLBSan Diego Padres
73%
MLBOakland Athletics
70%
NHLAnaheim Ducks
63%
NHLSan Jose Sharks
63%

Score Distribution

Percentile by Number Answered

Percent of People with Each Score

Your Score History

You have not taken this quiz since the last reset